Statistiques concernant Top langues Européennes sur la carte

Cliquez ici pour prendre le quiz!

Statistiques générales

  • Ce quiz a été pris 8 063 fois
    (8 035 depuis la dernière actualisation)
  • Le résultat moyen est 28 sur 36

Réponses sur la Carte

Les réponses sont colorées sur une échelle allant du rouge au vert en fonction du pourcentage des utilisateurs qui les ont devinées à leur premier essai. Vous pouvez retrouver ces pourcentages ci-dessous.
 

Statistiques - réponses

LocuteursLangues% Correct
60 milAnglais
100%
66 milFrançais
100%
97 milAllemand
99%
38 milEspagnol
99%
65 milItalien
99%
10 milPortugais
99%
106 milRusse
99%
11 milGrec
96%
9.1 milSuédois
96%
4.7 milNorvégien
95%
39 milPolonais
95%
32 milUkrainien
92%
5.5 milDanois
91%
24 milRoumain
91%
21 milSerbo-Croate
90%
4.0 milCatalan
89%
1.1 milEstonien
89%
1.7 milLetton
89%
22 milNéerlandais
89%
13 milHongrois
86%
3.0 milLituanien
86%
10 milTchèque
84%
7.8 milBulgare
83%
5.2 milSlovaque
83%
2.1 milSlovène
81%
3.3 milBiélorusse
80%
12 milTurc
80%
5.4 milFinnois
79%
5.4 milAlbanais
75%
1.4 milMacédonien
62%
1.2 milSarde
40%
2.4 milGalicien
35%
1.0 milKazakh
29%
1.4 milTchétchène
26%
1.5 milRomani
5%
1.1 milTchouvache
4%

Distribution des résultats

Percentile par nombre de réponses

% des personnes avec chaque résultat

Votre développement - résultats

Vous n’avez pas pris ce quiz depuis la dernière actualisation